000 00616cam a2200193 4500500
005 20260405004015.0
041 _afre
042 _adc
100 1 0 _aChapoutot, Johann
_eauthor
245 0 0 _aEichmann, pantin ou comédien ?
260 _c2016.
500 _a89
690 _aBanalité du mal
690 _aEichmann
690 _aHannah Arendt
690 _aNazis
786 0 _nPhilosophie magazine - Hors séries | Hors-série Pritemps 2016 | HS28 | 2016-04-01 | p. 10-11 | 2104-9246
856 4 1 _uhttps://shs.cairn.info/magazine-philosophie-magazine-2016-hs28-page-10?lang=fr&redirect-ssocas=7080
999 _c2072861
_d2072861